[Event "Moia op 2nd"]
[Site "Moia"]
[Date "2013.10.04"]
[Round "3"]
[White "Canovas Pardo, Jordi"]
[Black "Castano Sanchez, Tomas"]
[Result "1-0"]
[WhiteElo "1760"]
[BlackElo "1354"]
[PlyCount "121"]
[EventDate "2013.09.20"]
[EventType "swiss"]
[EventRounds "8"]
[EventCountry "ESP"]
[SourceTitle "EXT 2015"]
[Source "ChessBase"]
[SourceDate "2014.11.20"]
[SourceVersion "1"]
[SourceVersionDate "2014.11.20"]
[SourceQuality "1"]

1. e4 b6 2. d4 Bb7 3. Nc3 e6 4. Nf3 d6 5. Bd3 Nd7 6. 0-0 Ne7 7. Ng5 e5 8. d5 a6 9. f4 h6 10. Nf3 Ng6 11. f5 Nh4 12. Qe1 Nxf3+ 13. Rxf3 Qf6 14. b4 Be7 15. Rh3 g5 16. Qe2 Rg8 17. g4 Qh8 18. a4 f6 19. Be3 Kf7 20. Qf1 Rg7 21. Ne2 Rh7 22. Ng3 a5 23. Bb5 Qc8 24. Bxd7 Qxd7 25. b5 Rah8 26. Nh5 Bd8 27. c4 Rf8 28. Rc1 Bc8 29. Ng3 Rfh8 30. Rh5 Kf8 31. Qf2 Qg7 32. Rh3 Bd7 33. Nh5 Qf7 34. Kg2 Be8 35. Bd2 Be7 36. Qe1 Qg8 37. Bxa5 Bxh5 38. Rxh5 bxa5 39. Qxa5 Bd8 40. Qa8 Rd7 41. a5 Kg7 42. a6 Be7 43. Qc6 Rd8 44. Qxc7 Qe8 45. a7 Kf8 46. Ra1 Rc8 47. Qxc8 Qxc8 48. a8Q Kg7 49. Qxc8 Rxc8 50. Ra4 Rb8 51. Ra7 Re8 52. Rh3 Kh7 53. b6 Kg7 54. Rb3 Kf8 55. b7 Rb8 56. Ra8 Kf7 57. Rxb8 Bf8 58. Rc8 h5 59. Rxf8+ Kg7 60. b8Q hxg4 61. Rb7+ 1-0

[Event "Moia op 1st"]
[Site "Moia"]
[Date "2013.06.30"]
[Round "7"]
[White "Orra Noguera, Francisco"]
[Black "Castano Sanchez, Tomas"]
[Result "1-0"]
[WhiteElo "1901"]
[BlackElo "1700"]
[PlyCount "118"]
[EventDate "2013.05.19"]
[EventType "swiss"]
[EventRounds "8"]
[EventCountry "ESP"]
[SourceTitle "EXT 2014"]
[Source "ChessBase"]
[SourceDate "2013.11.20"]
[SourceVersion "1"]
[SourceVersionDate "2013.11.20"]
[SourceQuality "1"]

1. d4 d5 2. c4 e6 3. Nc3 Nf6 4. cxd5 exd5 5. Bg5 Be7 6. e3 a6 7. Bd3 b5 8. Qc2 Nbd7 9. Bxf6 Nxf6 10. Nce2 Bb4+ 11. Kf1 0-0 12. Nf3 h6 13. Ng3 Bg4 14. Ne5 g6 15. Bxg6 Be6 16. Nc6 Qd6 17. Bf5 a5 18. a3 Bxf5 19. Nxf5 Qe6 20. axb4 Ne4 21. Nce7+ Kh8 22. f3 Nd6 23. Kf2 a4 24. e4 dxe4 25. d5 e3+ 26. Ke2 Qf6 27. Qc3 Qxc3 28. bxc3 Nc4 29. Nxe3 Rfe8 30. N7f5 Kh7 31. Kf2 Ne5 32. Rhd1 Kg6 33. g4 f6 34. Nd4 Reb8 35. f4 Nf7 36. Nef5 Re8 37. Re1 h5 38. h3 h4 39. Nc2 Red8 40. Rad1 Rd7 41. Re7 Rxe7 42. Nxe7+ Kh7 43. Nf5 Nd6 44. Nxd6 cxd6 45. Na3 f5 46. g5 Rg8 47. Re1 Rb8 48. Re7+ Kh8 49. Re6 Rb6 50. Rf6 Kh7 51. Rxf5 Rb7 52. Rf6 Rb6 53. Kf3 Kg7 54. Kg4 Rb8 55. Rxd6 Rh8 56. f5 Kf7 57. Rd7+ Kg8 58. Rd8+ Kh7 59. Rxh8+ Kxh8 1-0

[Event "Moia op 1st"]
[Site "Moia"]
[Date "2013.06.02"]
[Round "3"]
[White "Castano Sanchez, Tomas"]
[Black "Rius Soler, Benjami"]
[Result "0-1"]
[WhiteElo "1700"]
[BlackElo "1772"]
[PlyCount "34"]
[EventDate "2013.05.19"]
[EventType "swiss"]
[EventRounds "8"]
[EventCountry "ESP"]
[SourceTitle "EXT 2014"]
[Source "ChessBase"]
[SourceDate "2013.11.20"]
[SourceVersion "1"]
[SourceVersionDate "2013.11.20"]
[SourceQuality "1"]

1. d4 d6 2. e4 e6 3. e5 b6 4. Bd2 a5 5. a4 Ba6 6. Be2 Bxe2 7. Nxe2 Ne7 8. Ng3 g6 9. 0-0 Bg7 10. f4 0-0 11. Be3 Na6 12. c3 c6 13. Qe2 Nc7 14. Nd2 h5 15. Nf3 Bh6 16. Nh4 Ne8 17. Nxh5 Nf5 0-1